000 00329nam a22001457a 4500
020 _a978-0-600601-04-3
082 _a641
_bHAM
100 _aHAMLYN
245 _aAUGUSTE ESCOFFIEN MA CUISINE
260 _aLONDON
_bOCTOPUS PUBLISHER
_c2000
300 _a884
650 _aHOTEL MANAGEMENT
653 _aCUISINE
942 _2ddc
_cBK
999 _c8132
_d8132